00332nam a2200121Ia 4500100000900000942000700009245005600016260000900072082001000081546001200091999001700103952009000120 a#N/A cBK aThe X team - JAVASERVER Pages Project for beginners b#N/A b21559 aENGLISH c18450d18450 001040708CDaCRCEbCRCEd2023-03-17l0o 21559pCD2378r2023-03-17w2023-03-17yBK